| 000 | 00621nam a22001937a 4500 | ||
|---|---|---|---|
| 005 | 20241217142950.0 | ||
| 008 | 241217b |||||||| |||| 00| 0 eng d | ||
| 020 | _a9780697282538 | ||
| 050 |
_aQP44 _b.A48 |
||
| 100 | _aBenson, Harold J. | ||
| 245 |
_aLaboratory Textbook/ _bAnatomy & Physiology _cHarold J. Benson, Stanley E. Gunstream , Arthur Talaro & Kathleen P. Talaro |
||
| 250 | _a7th ed. | ||
| 260 |
_aBoston _b WCB/ McGraw Hill |
||
| 300 |
_aviii.516p. _bill. some color _c27.5cm |
||
| 700 | _aGunstream, Stanley E. | ||
| 700 | _aTalaro, Arthur | ||
| 700 | _aTalaro, Kathleen P. | ||
| 942 |
_2lcc _cBK _e7th ed. _n0 |
||
| 999 |
_c2420 _d2420 |
||